Vista normal
Vista MARC
- DESARROLLO COGNITIVO
Entrada Topical Term
Número de registros utilizados en: 7
001 - CONTROL NUMBER
- control field: 21645
003 - CONTROL NUMBER IDENTIFIER
- control field: OSt
005 - DATE AND TIME OF LATEST TRANSACTION
- control field: 20160921093147.0
008 - FIXED-LENGTH DATA ELEMENTS
- fixed length control field: 160921|| aca||aabn | a|a d
040 ## - CATALOGING SOURCE
- Original cataloging agency: OSt
- Transcribing agency: OSt
150 ## - HEADING--TOPICAL TERM
- Topical term or geographic name entry element: DESARROLLO COGNITIVO
670 ## - SOURCE DATA FOUND
- Source citation: Work cat.: (OSt)918: Santrock,John 15510, Psicología del desarrollo: el ciclo vital, 2006